| 000 | 00000nam##2200000za#4500 |
| 001 | 9.640616 |
| 003 | CaOODSP |
| 005 | 20210624222747 |
| 007 | cr ||||||||||| |
| 008 | 150407|1998||||xxc|||||o f|0| 0 fre|d |
| 040 | |aCaOODSP|bfre |
| 043 | |an-cn--- |
| 086 | 1 |aCP32-68/1998F-PDF |
| 110 | 1 |aCanada.|bConseil privé. |
| 245 | 10|aPremier rapport sur la mise en oeuvre La Relève - un parti pris pour l'action : |h[ressource électronique]|bvue d'ensemble / |cprésenté par le Groupe de travail La Relève au greffier du Conseil privé et secrétaire du Cabinet. |
| 260 | |aOttawa - Ontario : |bConseil privé |cMars 1998. |
| 300 | |a59p. |
| 500 | |aLe n° de catalogue (CP32-68/1998) et l'ISBN (0-662-63494-2) de l'édition imprimée bilingue ont été incorrectement copiés dans l'édition électronique. |
| 590 | |a12-35-Supp|b2012-08-09 |
| 691 | 07|aFonction publique|2gcpds |
| 691 | 07|aGestion du personnel|2gcpds |
| 691 | 07|aRéforme|2gcpds |
| 775 | 08|tFirst progress report on La Relève - a commitment to action : |w(CaOODSP)9.696502 |
| 856 | 40|ahttp://publications.gc.ca|qPDF|s253 Ko|uhttps://publications.gc.ca/collections/collection_2012/bcp-pco/CP32-68-1998-fra.pdf |